Detalles MARC
| 000 -LIDER |
| fixed length control field |
02498nam a2200349 a 4500 |
| 001 - NÚMERO DE CONTROL |
| Identificador de número de control |
|
| 003 - IDENTIFICACDOR DE NÚMERO DE CONTROL |
| control field |
DO-SdBNP |
| 005 - DATE AND TIME OF LATEST TRANSACTION |
| control field |
20221027135134.0 |
| 008 - ELEMENTOS DE LONGITUD FIJA |
| fixed length control field |
090727s2010 dr 000 0 spa d |
| 020 ## - ISBN |
| International Standard Book Number |
9789945163438 |
| 040 ## - FUENTE DE CATALOGACIÓN |
| Agencia que crea de manera original el registro |
BPMSU |
| Idioma de catalogación |
spa |
| Agencia que realiza la transcripción |
BPMSU |
| 082 ## - NÚMERO DE CLASIFICACIÓN DECIMAL DE DEWEY |
| Classification number |
323.6097293 |
| Item number |
S678c 2010 |
| Edition number |
22 |
| 092 ## - LOCALLY ASSIGNED DEWEY DECIMAL CALL NUMBER |
| Número de clasificación |
|
| Número de ítem (Cutter) |
|
| 100 1# - ASIENTO PRINCIPAL -- NOMBRE PERSONAL |
| Nombre personal |
|
| 245 10 - MENCIÓN DE TITULO |
| Título |
La sociedad civil dominicana : |
| Subtítulo |
contribución a su historia / |
| Mención de responsabilidad |
Coordinadores : Rosa Rita Álvarez Khouri ... [ et al.] |
| 260 ## - PUBLICACIÓN, DISTRIBUCIÓN, ETC. (PIE DE IMPRENTA) |
| Lugar de publicación, distribución, etc |
Santo Domingo : |
| Nombre del editor, distribuidor, etc. |
Alianza ONG, |
| Fecha de publicación, distribución, etc |
2010 |
| 300 ## - DESCRIPCIÓN FÍSICA |
| Extensión |
572 p. ; |
| Dimensiones |
28 cm. |
| 500 ## - NOTA GENERAL |
| Nota general |
Incluye referencias bibliográficas y notas al pie de las páginas |
| 504 ## - NOTA DE BIBLIOGRAFÍA, ETC. |
| Bibliography, etc |
|
| 504 ## - NOTA DE BIBLIOGRAFÍA, ETC. |
| Bibliography, etc |
|
| 505 0# - NOTA DE CONTENIDO |
| Texto normalizado de contenido |
Los grandes procesos -- Orígenes y trayectorias de la sociedad civil en la República Dominicana, 1916-1935 27 -- Historia dominicana y sociedad civil, 1935-1978 51 -- La construcción de la sociedad civil en la democracia dominicana, 1979-2008 107 -- Procesos sectoriales y desarrollos institucional -- Estado, sociedad civil y democracia en la República Dominicana 147 -- Participación ciudadana y la construcción de la democracia política en República Dominicana : un estudio de caso 195 -- Los movimientos sociales urbanos en la República Dominicana 241 -- Historia del comité para la defensa de los derechos barriales (COPADEBA) : un estudio de caso 307 -- El Movimiento Campesino Independiente (MCI) en República Dominicana : un estudio de caso 333 -- La sociedad civil y las políticas sociales en la República Dominicana 365 -- Incidencia de la sociedad civil en las políticas sociales en la República Dominicana. Instituto Nacional de Salud (INSA-LUD) : un estudio de caso 433 -- Aportes de la sociedad civil a la educación. Centre cultural Poveda, su historia institucional, contribución a la democracia: un estudio de caso 455 -- Género y sociedad civil 479 -- Historia institucional de mujeres en desarrollo dominicana (MUDE) : un estudio de caso 541 -- Anexos 561 |
| 590 ## - NOTA LOCAL |
| Enlace |
Inventariado, 2022/VM |
| 650 #4 - ENCABEZAMIENTO DE MATERIA--TEMÁTICO |
| Término temático o nombre geográfico como elemento de entrada |
Sociedad civil |
| Subdivisión temática general |
Historia |
| Subdivisión geográfica |
República Dominicana |
| 650 #4 - ENCABEZAMIENTO DE MATERIA--TEMÁTICO |
| Término temático o nombre geográfico como elemento de entrada |
Participación política |
| Subdivisión temática general |
Historia |
| Subdivisión geográfica |
República Dominicana |
| 650 #4 - ENCABEZAMIENTO DE MATERIA--TEMÁTICO |
| Término temático o nombre geográfico como elemento de entrada |
Movimiento sociales |
| Subdivisión geográfica |
República Dominicana |
| 700 1# - ASIENTO SECUNDARIO -- NOMBRE PERSONAL |
| Nombre personal |
Álvarez Khouri, Rosa Rita. |
| Mención de responsabilidad |
coordinadores |
| 710 2# - ASIENTO SECUNDARIO -- NOMBRE CORPORATIVO |
| Nombre corporativo o de jurisdicción |
Centro de Investigaciones y Estudios Sociales (República Dominicana) |
| 830 #0 - ASIENTO SECUNDARIO DE SERIE--TÍTULO UNIFORME |
| Título uniforme |
Colección Sociedad Civil |
| 830 #0 - ASIENTO SECUNDARIO DE SERIE--TÍTULO UNIFORME |
| Título uniforme |
Documentos de Trabajo |
| Número de la parte o sección de una obra |
1 |
| 910 ## - VALIDACIÓN |
| Validación |
VMateo V./Validado |
| 942 ## - ADDED ENTRY ELEMENTS (KOHA) |
| Source of classification or shelving scheme |
Dewey Decimal Classification |
| Koha item type |
Libros |